000
00238nam a2200085Ia 4500
245
0
_a
Forest biome, Albany thicket biome
100
_a
Hanks, Karoline Auckland Park, 2009
942
_c
BK
008
210817s9999 xx 000 0 und d
999
_c
260103
_d
260102